[Event "Stuttgart-chA op"]
[Site "Ditzingen"]
[Date "2015.05.16"]
[Round "5"]
[White "Pelezki, Eugen"]
[Black "Kuhlmann, Hans Peter"]
[Result "1-0"]
[WhiteElo "2010"]
[BlackElo "1910"]
[PlyCount "136"]
[EventDate "2015.05.14"]
[EventType "swiss"]
[EventRounds "7"]
[EventCountry "GER"]
[SourceTitle "EXT 2018"]
[Source "ChessBase"]
[SourceDate "2017.10.13"]
[SourceVersion "1"]
[SourceVersionDate "2017.10.13"]
[SourceQuality "1"]

1. c4 Nf6 2. Nc3 e6 3. g3 d5 4. d4 Be7 5. Bg2 0-0 6. Nf3 Nbd7 7. cxd5 exd5 8. 0-0 c6 9. Re1 Re8 10. Qd3 Bb4 11. Bg5 h6 12. Bxf6 Nxf6 13. Rac1 Ne4 14. a3 Nxc3 15. axb4 Nb5 16. Nd2 Qf6 17. Nb3 Bf5 18. Qd2 Nd6 19. Qf4 g5 20. Qf3 Kg7 21. g4 Be4 22. Qxf6+ Kxf6 23. f3 Bg6 24. Nc5 Re7 25. e4 dxe4 26. fxe4 Rae8 27. e5+ Kg7 28. Kf2 Nb5 29. Rcd1 Rd8 30. d5 cxd5 31. Rxd5 Rxd5 32. Bxd5 b6 33. Nb3 Bc2 34. Bc4 Rc7 35. Bxb5 Bxb3 36. Bd3 Rd7 37. Ke3 Re7 38. Kd4 Rc7 39. Re2 Rc1 40. Rf2 Rc7 41. Rf6 Be6 42. h3 Rd7+ 43. Ke4 Bd5+ 44. Kd4 Bg2+ 45. Kc4 Bxh3 46. Bf5 Bf1+ 47. Kc3 Rc7+ 48. Kd2 Re7 49. Rc6 Rxe5 50. Rc7 h5 51. Rxa7 h4 52. Ra1 Bg2 53. Re1 Rxe1 54. Kxe1 Kf6 55. Kf2 Bd5 56. Bd3 Ke5 57. b5 Kf4 58. Be2 Be6 59. Bf3 Bxg4 60. Bc6 Be6 61. b4 g4 62. Kg2 Ke3 63. Bb7 f5 64. Kh2 f4 65. Bg2 Bc4 66. Kg1 f3 67. Kh2 f2 68. Kh1 h3 1-0

[Event "Stuttgart-chA int"]
[Site "Gerlingen"]
[Date "2011.06.03"]
[Round "4"]
[White "Gruenert, Thomas"]
[Black "Pelezki, Eugen"]
[Result "0-1"]
[WhiteElo "1914"]
[BlackElo "2016"]
[PlyCount "80"]
[EventDate "2011.06.02"]
[EventType "swiss"]
[EventRounds "7"]
[EventCountry "GER"]
[SourceTitle "EXT 2018"]
[Source "ChessBase"]
[SourceDate "2017.10.13"]
[SourceVersion "1"]
[SourceVersionDate "2017.10.13"]
[SourceQuality "1"]

1. d4 Nf6 2. Nf3 e6 3. e3 b6 4. Bd3 Bb7 5. Nbd2 Be7 6. b3 Na6 7. a3 c5 8. Bb2 cxd4 9. exd4 Nd5 10. 0-0 f5 11. Re1 0-0 12. c4 Nf4 13. Bf1 Nc7 14. b4 Bf6 15. Qb3 Kh8 16. g3 Ng6 17. Ne5 Rb8 18. f4 d6 19. Nxg6+ hxg6 20. Bg2 Bxg2 21. Kxg2 g5 22. fxg5 Bxg5 23. Nf3 Bh6 24. c5 bxc5 25. dxc5 dxc5 26. Rxe6 Nxe6 27. Qxe6 Rb6 28. Qe2 Qe8 29. Ne5 Qa8+ 30. Kg1 cxb4 31. axb4 Qb7 32. Qh5 Kg8 33. Re1 Re6 34. Bc3 Qb6+ 35. Kg2 Be3 36. Qf3 f4 37. Re2 Bd4 38. Re4 Bxc3 39. Qxc3 f3+ 40. Kf1 Qa6+ 0-1